000 00475nam a2200145Ia 4500
008 100204s9999 xx 000 0 und d
082 _b1344
100 _aजोशी व. कृ.
245 _aभीषण हत्याकांड
260 _b"उदयदीप प्रकाशन , मुंबई"
_c1977
300 _a165
630 _aभीषण हत्याकांड
730 _aभीषण हत्याकांड
942 _cBOOK
999 _c446510
_d446507